000
00301nam a22001217a 4500
008
160420b xxu||||| |||| 00| 0 eng d
020
_a
9780827381483
020
_a
0827381484
041
_a
eng
080
_a
618.2
245
1
0
_a
Pediatric Nursing:
_c
Nicki L.Potts; Barbara L. Mandleco;
942
_2
udc
_c
BK
999
_c
1457
_d
1457